UBT Library

Enterprise: (Record no. 831)

000 -LEADER
fixed length control field 00521nam a22001817a 4500
005 - DATE AND TIME OF LATEST TRANSACTION
control field 20150929100251.0
008 - FIXED-LENGTH DATA ELEMENTS--GENERAL INFORMATION
fixed length control field 150519b xxu||||| |||| 00| 0 eng d
041 0# - LANGUAGE CODE
Language code of text/sound track or separate title eng
080 ## - UNIVERSAL DECIMAL CLASSIFICATION NUMBER
Universal Decimal Classification number 65.017
100 ## - Rafti
Rafti Newman, Aaron
245 ## - TITLE STATEMENT
Title Enterprise:
Statement of responsibility, etc Aaron C. Newman, Jeremy Thomas ; technical editor, Aaron Fulkerson.
260 ## -
-- New York :
-- McGraw-Hill,
-- c2009
300 ## -
-- 406 f
-- me il.;
505 ## -
-- Includes index.
650 #0 -
-- Ndermarresia
700 1# -
-- Newman Aaron
942 ## - ADDED ENTRY ELEMENTS (KOHA)
Source of classification or shelving scheme
Item type Books
Holdings
Withdrawn status Lost status Source of classification or shelving scheme Damaged status Not for loan Collection code Permanent location Current location Shelving location Date acquired Total Checkouts Full call number Date last seen Price effective from Koha item type
          Koleksioni i përgjithshem UBT - Lipjan UBT - Lipjan Koleksioni i përgjithshem 09/29/2015   65.017 NEW 09/29/2015 09/29/2015 Books
UBT Library © 2015-2024. All rights reserved University Education for Business and Technology